| 000 | 00474nam a2200145Ia 4500 | ||
|---|---|---|---|
| 008 | 230917s9999||||xx |||||||||||||| ||und|| | ||
| 040 |
_e201174 _aMAIN |
||
| 041 | _aEnglish | ||
| 082 | _a891.4317109 SS98:RS | ||
| 100 | _aसिहं, रसाल | ||
| 245 | 0 | _aसत्ता, समाज और सर्वश्वर की कविता | |
| 260 |
_aनई दिल्ली _bनमन प्रकाशन _c2009 |
||
| 300 | _a225 पृ. p. | ||
| 942 | _cHN | ||
| 999 |
_c169942 _d169942 |
||